Statistics for Percy Jackson - Deaths

Click here to take the quiz!

General Stats

  • This quiz has been taken 232 times
  • The average score is 9 of 15

Answer Stats

Hint Answer % Correct
Commited suicide as to not let Kronos assume his true form from his bodyLuke Castellan
98%
Exploded heroically on board the 'Princess Andromeda'.Charles Beckendorf
89%
Poisoned by her father, Atlas, and made to live forever in the stars.Zoƫ Nightshade
88%
Pretended to be Aunty EmMedusa
84%
Killed himself for creating the LabyrinthDaedalus
78%
Killed by the malfunctioning invention of HephaestusBianca di Angelo
72%
Traitor who had a change of heart in the last fifteen seconds of his lifeEthan Nakamura
69%
Dionysus's son, died alongside his twin PolluxCastor
66%
Took the drakon dowwn with herSilena Beauregard
66%
Wings melted when he flew too close to the sunIcarus
60%
Died in the bridge incident when it fell apart.Michael Yew
39%
Turned to stone with Medusa's head.Gabe Ugliano
33%
Clubbed in the head by a giantLee Fletcher
25%
Daedalus pushed him off a towerPerdix
20%
Died with PanDede
17%

Score Distribution

Percentile by Number Answered

Percent of People with Each Score

Your Score History

You have not taken this quiz